STANOVENIE VŠEOBECNEJ HODNOTY POHĽADÁVOK - NÁVRH NOVEJ LEGISLATÍVNEJ ÚPRAVY

Bibliographic Details
Main Author: Kubica, Milan, 1958- (Author)
Format: Article
Language:Slovak

MARC

LEADER 00000nab a2200000 a 4500
001 vtls011108435
003 SK-MaSNL
005 20260303143544.0
008 230222|2010 xo |||||||||||||||||slo|
015 |a SNBRB 
035 |a (uuid)a8b6de74-9c91-4c91-86a6-30a305178262 
035 |a (urnnbn)urn:nbn:sk:snk:ar-a08bkn 
035 |a urn:nbn:sk:snk-ab9el8 
040 |a SNKBUCL  |b slo  |c SNKBUCL  |e AACR2 
041 0 |a slo 
044 |a xo  |c SK 
100 1 |a Kubica, Milan,  |d 1958-  |4 aut  |9 172976 
245 1 0 |a STANOVENIE VŠEOBECNEJ HODNOTY POHĽADÁVOK - NÁVRH NOVEJ LEGISLATÍVNEJ ÚPRAVY  |c Milan Kubica 
246 3 |a ASSESS THE GENERAL VALUE OF THE CLAIMS - DESIGN OF THE NEW LEGISLATIVE MODIFICATION 
773 0 |t Znalectvo v odboroch Stavebníctvo a Podnikové hospodárstvo  |g Roč. 15, č. 4 (2010), s. 16-19 
954 |a odborná, vedecká literatúra pôvodná (slovenská)  |2 lita 
958 |a OND 
958 |a EUIPO 
958 |a article13 
999 |c 1990849  |d 1992779